Psicología social

Uloženo v:
Podrobná bibliografie
Hlavní autor: Myers, David G. (autor)
Médium: Kniha
Jazyk:španělština
Vydáno: Ciudad de México McGraw-Hill Interamericana 2005
Vydání:4a. ed
Témata:
Tagy: Přidat tag
Žádné tagy, Buďte první, kdo vytvoří štítek k tomuto záznamu!

MARC

LEADER 00000nam a2200000 a 4500
001 UCJ2166
003 CL-VaPUC
008 061201e20050000MX |||||||||||||||||spa|d
020 |a 9701053982 
082 0 4 |a 302  |b MYE  |2 21 
100 |a Myers, David G.  |e autor  |9 307699 
245 1 0 |a Psicología social 
250 |a 4a. ed 
300 |a 662 p 
942 |c BK 
945 |d 20061201 00:00:00  |a cmena 
260 |a Ciudad de México  |b McGraw-Hill Interamericana  |c 2005 
500 |a Incluye glosario 
500 |a 4a ed. en español de la 8a. en inglés 
650 7 |a CIENCIAS DEL COMPORTAMIENTO  |2 CL-VaPUC  |9 503069 
650 0 |a Comportamiento social  |9 334200 
650 0 |a Influencia social  |9 309315 
583 |a last modification  |c 20061201 00:00:00  |k Rodrigo Vera 
999 |c 318519  |d 318517 
952 |0 0  |1 0  |4 0  |6 302_000000000000000_MYE_2005  |7 0  |8 A  |9 396350  |a BIBEDU  |b BIBEDU  |d 2019-11-22  |i 430036K  |o 302 MYE 2005  |p 430036K  |r 2019-11-22  |w 2019-11-22  |y BK  |k PSI 
952 |0 0  |1 0  |4 0  |6 302_000000000000000_MYE_2005  |7 0  |8 A  |9 396351  |a BIBEDU  |b BIBEDU  |d 2019-11-22  |i 4304888  |o 302 MYE 2005  |p 4304888  |r 2019-11-22  |w 2019-11-22  |y BK  |k PSI 
952 |0 0  |1 0  |4 0  |6 302_000000000000000_MYE_2005  |7 0  |8 A  |9 396352  |a BIBEDU  |b BIBEDU  |d 2019-11-22  |i 4364791  |o 302 MYE 2005  |p 4364791  |r 2019-11-22  |w 2019-11-22  |y BK  |k PSI 
952 |0 0  |1 0  |4 0  |6 302_000000000000000_MYE_2005  |7 0  |8 A  |9 396353  |a BIBCUR  |b BIBCUR  |d 2019-11-22  |i 4592433  |o 302 MYE 2005  |p 4592433  |r 2025-04-22  |w 2019-11-22  |y BK  |k PER 
952 |0 0  |1 0  |2 ddc  |4 0  |6 302_000000000000000_MYE_2005  |7 0  |8 A  |9 396354  |a BIBCUR  |b BIBCUR  |c GEN  |d 2019-11-22  |i 4593979  |o 302 MYE 2005  |p 4593979  |r 2025-04-22  |w 2019-11-22  |y BK  |k PER